Stan - Multiple Choice - Statistics

General Stats
  • This quiz has been taken 7 times
  • The average score is 6 of 10
Answer Stats
Question Answer % Correct
What country is known as the graveyard of empires? Afghanistan
100%
Which of these places is not a real place? Franistan
100%
What is the largest of the Stan countries? Kazakhstan
100%
What does Stan mean in the Persian language? Land
86%
Which of these places is not real? Bashkanistan
43%
Stann Creek is a region of what country? Belize
43%
Where is Stanford University? California
43%
What is the capital of Tajikistan? Dushanbe
43%
Which country became separate from Russia first? Kyrgyzstan
43%
What is the furthest country from the sea? Kyrgyzstan
14%
No matching quizzes found
Score Distribution
Percent of People with Each Score
Percentile by Number Answered
Your Score History
You have not taken this quiz